000 01343cad a22002415a 4500
001 E148182
008 090812s2009 xxk f s000 0 eng d
020 _a9780755990764
035 _a(Sirsi) u148182
041 0 _aeng
050 0 4 _a333.72 $2 18
110 2 _aScotland
_bScottish Government
_95344
245 0 0 _aRenewable energy
_bchanges to the Renewables Obligation (Scotland) Order 2009, consultation
_h[electronic resource]
260 _aEdinbugh
_bScottish Government
_c2009
520 _aSeeks views on proposed amendments to the Renewables Obligation (Scotland) Order 2009 (RO), which include the extension of the life-time of the RO to at least 2037; the introduction of a 20 year limit on support under the RO; the removal of the 20 ROC/100 MWh renewable electricity limit; the retention of the existing fixed targets until 2015/16, with headroom only after that date; and an increase in the level of headroom from 8% to 10%. Deadline for comments is 29 October 2009.
521 _aAdvanced
590 _aKA
650 2 4 _aRENEWABLES OBLIGATION (SCOTLAND) ORDER 2009
651 4 _aScotland
_y1999-
690 _aENVIRONMENTAL AND LAND CONSULTANCY-ENERGY-RENEWABLE ENERGY
856 4 0 _uhttps://www.scotland.gov.uk/Publications/2009/08/07092158/0
_zView the consultation free of charge at www.scotland.gov.uk...
942 _n0
999 _c109938
_d109938